000 00304nam a22001337a 4500
008 170921b xxu||||| |||| 00| 0 eng d
020 _a013892662-X
041 _aeng
080 _a78
100 _a45
101 _aMUZ
245 _aTEACHING MUSIC IN THE TWENTIETH CENTURY
_cCHOKSY,L
942 _2udc
_cBK
999 _c28882
_d28882